47Ter - Musiques de l'album Légende - Statistiques

Statistiques générales
  • Ce quiz a été pris 106 fois
  • Le résultat moyen est 8 sur 12
Statistiques - réponses
Légende % Correct
Légende
89%
Avec toi
81%
Vivre
78%
Sommeil Noir
77%
J'essaie
76%
La seule
70%
Maintenant
68%
1, 2, 3, 4
65%
Ella
64%
Comme Avant
57%
Ne t'en fais pas
53%
Nous les autres
51%
Aucun quiz correspondant
Distribution des résultats
% des personnes avec chaque résultat
Percentile par nombre de réponses
Votre historique - résultats
Vous n’avez pas pris ce quiz